Najpopularniejsze odmiany jabłek - Statystyki

Ogólne statystyki
  • Ten quiz został rozwiązany 178 razy
  • Średni wynik to 4 z 22
Statystyki odpowiedzi
Odmiana % Poprawnych
Papierówka
60%
Lobo
54%
Antonówka
45%
Jonagold
41%
Ligol
41%
Szampion
33%
Gala
26%
Idared
15%
Golden Delicious
11%
Cortland
10%
Rubin
7%
McIntosh
6%
Delikates
5%
Granny Smith
4%
Topaz
3%
Ananas Berżenicki
2%
Boiken
2%
Boskoop
2%
Kronselska
1%
Melrose
1%
Reneta Landsberska
1%
Spartan
1%
Nie znaleziono quizów pasujących do podanych kryteriów
Rozkład punktacji
Procent ludzi z każdym wynikiem
Percentyl według liczby udzielonych odpowiedzi
Twoja historia wyników
Nie rozwiązałeś tego quizu